Proces tvorby akceptačných testov pre online prihlasovací formulár aplikácie na medzinárodné preteky vo voltíži

Gespeichert in:
Bibliographische Detailangaben
1. Verfasser: Pavlíková, Lucia (Verfasst von)
Weitere Verfasser: Tanuška, Pavol (Betreuung Doktorarbeit)
Format: Manuskript Buch
Sprache:Slowakisch
Veröffentlicht: 2021
Schlagworte:
Online-Zugang:http://is.stuba.sk/zp/portal_zp.pl?podrobnosti=158360
Tags: Tag hinzufügen
Keine Tags, Fügen Sie das erste Tag hinzu!

MARC

LEADER 00000ntm a22000003a 4500
001 stuzp82588
003 SK-STU
005 20210612211210.2
007 ta
008 150427s2015----xo-----f-mn---000-0-slo-d
040 |a STU  |b slo 
041 0 |a slo 
100 1 |a Pavlíková, Lucia  |u 066000  |4 aut  |U MTF Materiálovotechnologická fakulta  |T MTF Ústav aplikovanej informatiky, automatizácie a mechatroniky  |X 105503  |U M6000  |Y 86  |7 105503 
242 0 1 |a The process of creating acceptance tests for the online application form for international vaulting races  |y eng 
245 1 0 |a Proces tvorby akceptačných testov pre online prihlasovací formulár aplikácie na medzinárodné preteky vo voltíži 
260 |c 2021 
650 4 |a akceptačné testovanie  |2 slo 
650 4 |a automatizované testovanie  |2 slo 
650 4 |a testovanie webovej aplikácie  |2 slo 
650 4 |a web application testing  |2 eng 
650 4 |a acceptance testing  |2 eng 
650 4 |a automated testing  |2 eng 
700 1 |a Tanuška, Pavol  |u 066000  |k Z1  |4 ths  |U MTF Materiálovotechnologická fakulta  |T MTF Ústav aplikovanej informatiky, automatizácie a mechatroniky  |X 248  |U M6000  |Y 86  |7 A000000248 
856 4 |u http://is.stuba.sk/zp/portal_zp.pl?podrobnosti=158360 
996 |c M* DP-14740  |l MMSKP  |s P  |a 0  |w stuzp82588_0001